000 01444nam a2200397 i 4500
001 138749
003 FINmELB
005 20241217181233.0
006 m o d |
007 cr cnu||||||||
008 211230s2020 ag ob 001 0 spa d
020 _a9789877710564
_q(e-book)
035 _a(OCoLC)1319738297
040 _aFINmELB
_bspa
_erda
_cFINmELB
050 4 _aBF173
_bR672 2020
080 _a159.9
082 0 4 _a150.195
_223
100 1 _aRocha, Marcelo,
_eautor.
245 1 4 _aLos rostros de la vida sobre el diván :
_bhacia una pedagogía de la alteridad /
_cMarcelo Rocha.
264 1 _aArgentina :
_bHomo Sapiens Ediciones,
_c2020.
300 _a1 recurso en línea (177 páginas)
336 _atexto
_btxt
_2rdacontent/spa
337 _acomputadora
_bc
_2rdamedia/spa
338 _arecurso en línea
_bcr
_2rdacarrier/spa
500 _aIncluye índice.
504 _aIncluye bibliografía.
588 _aDescripción basada en metadatos suministrados por el editor y otras fuentes.
590 _aRecurso electrónico. Santa Fe, Arg.: elibro, 2022. Disponible vía World Wide Web. El acceso puede estar limitado para las bibliotecas afiliadas a elibro.
650 0 _aPsychoanalysis.
650 0 _aPsychology.
650 4 _aPsicoanálisis.
650 4 _aPsicología.
655 4 _aLibros electrónicos.
797 2 _aelibro, Corp.
856 4 0 _uhttps://elibro.net/ereader/politecnicointernacional/177179
999 _c138749
_d138749